| 000 | 00594cas a22001815a 4500 | ||
|---|---|---|---|
| 001 | L138637 | ||
| 008 | 070628d19361974xxumr p 0 a0eng u | ||
| 035 | _a(Sirsi) u138637 | ||
| 041 | 0 | _aeng | |
| 110 | 2 |
_aAmerican Society of Photogrammetry _93105 |
|
| 245 | 0 | 0 | _aPhotogrammetric Engineering |
| 260 |
_aWashington D.C. _bAmerican Society for Photogrammetry _c1936-1974 |
||
| 362 | 0 | _a1950-1974 | |
| 651 | 4 |
_aUnited States _y1959- |
|
| 690 | _aENVIRONMENTAL AND LAND CONSULTANCY-GEOMATICS-LAND SURVEYING | ||
| 785 | 0 | 0 |
_tPhotogrammetric Engineering and Remote Sensing _x0099-1112 |
| 942 | _n0 | ||
| 999 |
_c119006 _d119006 |
||